Očná klinika
Guardado en:
| Autor principal: | |
|---|---|
| Otros Autores: | |
| Formato: | Manuscrito Libro |
| Lenguaje: | eslovaco |
| Publicado: |
2025
|
| Materias: | |
| Acceso en línea: | http://is.stuba.sk/zp/portal_zp.pl?podrobnosti=168415 CRZP |
| Etiquetas: |
Sin Etiquetas, Sea el primero en etiquetar este registro!
|
MARC
| LEADER | 00000ntm a22000003a 4500 | ||
|---|---|---|---|
| 001 | stuzp103820 | ||
| 003 | SK-STU | ||
| 005 | 20250729142730.4 | ||
| 007 | ta | ||
| 008 | 150427s2015----xo-----f-mn---000-0-slo-d | ||
| 040 | |a STU |b slo | ||
| 041 | 0 | |a slo | |
| 100 | 1 | |a Nagy, Emese |u 010310 |4 aut |U SvF Stavebná fakulta |T SvF Katedra architektúry |X 115735 |U V181|V310 |Y 19 |7 115735 | |
| 242 | 0 | 1 | |a Eye clinic |y eng |
| 245 | 1 | 0 | |a Očná klinika |
| 260 | |c 2025 | ||
| 650 | 4 | |a Očná klinika |2 slo | |
| 650 | 4 | |a Prieluka |2 slo | |
| 650 | 4 | |a Extenzívna vegetačná strecha |2 slo | |
| 650 | 4 | |a Deltabeam system |2 slo | |
| 650 | 4 | |a Infill site |2 eng | |
| 650 | 4 | |a Eye clinic |2 eng | |
| 650 | 4 | |a Extensive green roof |2 eng | |
| 650 | 4 | |a Deltabeam system |2 eng | |
| 700 | 1 | |a Pilař, Pavol |u 010310 |k Z1 |4 ths |U SvF Stavebná fakulta |T SvF Katedra architektúry |X 59136 |U V181|V310 |Y 19 |7 A000059136 | |
| 856 | 4 | |u http://is.stuba.sk/zp/portal_zp.pl?podrobnosti=168415 | |
| 856 | 4 | |u https://opac.crzp.sk/?fn=detailBiblioForm&sid=C9A1C75A261DD259FC844D1E26A3 |z CRZP | |